ARRUPE JESUIT UNIVERSITY

CORONAVIRUS -STOP THE SPREAD - CLEAN,DISINFECT,COVER

Caroline & Charlotte : (Record no. 130289)

MARC details
000 -LEADER
fixed length control field 01234cam a2200325 a 4500
001 - CONTROL NUMBER
control field 2935682
003 - CONTROL NUMBER IDENTIFIER
control field ARRUPE
005 - DATE AND TIME OF LATEST TRANSACTION
control field 20200204094125.0
008 - FIXED-LENGTH DATA ELEMENTS--GENERAL INFORMATION
fixed length control field 891011s1989 enkacf b 001 0ceng
010 ## - LIBRARY OF CONGRESS CONTROL NUMBER
LC control number 89193577
020 ## - INTERNATIONAL STANDARD BOOK NUMBER
International Standard Book Number 0283994894
040 ## - CATALOGING SOURCE
Original cataloging agency DLC
Transcribing agency DLC
Modifying agency DLC
043 ## - GEOGRAPHIC AREA CODE
Geographic area code e-uk---
050 00 - LIBRARY OF CONGRESS CALL NUMBER
Classification number DA538.A2
Item number P56 2005
082 00 - DEWEY DECIMAL CLASSIFICATION NUMBER
Classification number 941.07/3/092
-- B
Edition number 20
300 ## - PHYSICAL DESCRIPTION
Dimensions 20 cm.
100 1# - MAIN ENTRY--PERSONAL NAME
Personal name Plowden, Alison.
9 (RLIN) 49332
245 10 - TITLE STATEMENT
Title Caroline & Charlotte :
Remainder of title regency scandals 1795-1821 /
Statement of responsibility, etc Alison Plowden.
260 ## - PUBLICATION, DISTRIBUTION, ETC. (IMPRINT)
Place of publication, distribution, etc Gloucestershire :
Name of publisher, distributor, etc Sutton Publishing
Date of publication, distribution, etc 2005.
300 ## - PHYSICAL DESCRIPTION
Extent viii, 294 p. ;
500 ## - GENERAL NOTE
General note GB88-2017
504 ## - BIBLIOGRAPHY, ETC. NOTE
Bibliography, etc Includes bibliographical references (p. [220]-221 and index.
600 00 - SUBJECT ADDED ENTRY--PERSONAL NAME
Personal name Caroline,
Titles and other words associated with a name Consort of George IV, King of Great Britain,
Dates associated with a name 1768-1821.
9 (RLIN) 49333
600 00 - SUBJECT ADDED ENTRY--PERSONAL NAME
Personal name Charlotte Augusta,
Titles and other words associated with a name Princess of Great Britain,
Dates associated with a name 1796-1817.
9 (RLIN) 49334
650 #0 - SUBJECT ADDED ENTRY--TOPICAL TERM
Topical term or geographic name as entry element Princesses
Geographic subdivision Great Britain
Form subdivision Biography.
9 (RLIN) 48969
650 #0 - SUBJECT ADDED ENTRY--TOPICAL TERM
Topical term or geographic name as entry element Queens
Geographic subdivision Great Britain
Form subdivision Biography.
9 (RLIN) 49238
740 0# - ADDED ENTRY--UNCONTROLLED RELATED/ANALYTICAL TITLE
Uncontrolled related/analytical title Caroline and Charlotte.
906 ## - LOCAL DATA ELEMENT F, LDF (RLIN)
a 7
b cbc
c orignew
d 3
e ncip
f 19
g y-gencatlg
942 ## - ADDED ENTRY ELEMENTS (KOHA)
Source of classification or shelving scheme Library of Congress Classification
Koha item type Monograph ( Printed materials)
Holdings
Withdrawn status Lost status Source of classification or shelving scheme Damaged status Not for loan Collection code Home library Current library Shelving location Date acquired Total Checkouts Full call number Barcode Date last seen Price effective from Koha item type
    Library of Congress Classification     Main Collection ARRUPE LIBRARY ARRUPE LIBRARY Main Collection 04/02/2020   DA538.A2 P56 2005 46600006582 04/02/2020 04/02/2020 Monograph ( Printed materials)

 

Arrupe Library. PO Box MP320 Mt Pleasant, Harare, Zimbabwe
263 242 745411|librarian@aju.ac.zw